[Event "PMPJ 2022 - C13"]
[Site "Jastrzebia Gora"]
[Date "2022.11.12"]
[Round "7.1"]
[White "Bochniak, Franciszek"]
[Black "Nocek, Dominik"]
[Result "1-0"]
[BlackElo "1605"]
[WhiteElo "1839"]
[LiveChessVersion "1.4.4"]

1. d4 {[%clk 1:30:57]} Nf6 {[%clk 1:30:54]} 2. c4 {[%clk 1:31:22]} c5
{[%clk 1:31:18]} 3. d5 {[%clk 1:31:45]} g6 {[%clk 1:31:42]} 4. Nc3
{[%clk 1:32:01]} Bg7 {[%clk 1:32:00]} 5. e4 {[%clk 1:31:54]} d6 {[%clk 1:32:16]}
6. Nf3 {[%clk 1:31:49]} O-O {[%clk 1:32:26]} 7. h3 {[%clk 1:32:02]} e6
{[%clk 1:32:34]} 8. Bd3 {[%clk 1:32:14]} exd5 {[%clk 1:32:49]} 9. exd5
{[%clk 1:32:33]} Re8+ {[%clk 1:32:06]} 10. Be3 {[%clk 1:32:43]} Nbd7
{[%clk 1:31:10]} 11. O-O Ne5 {[%clk 1:29:20]} 12. Nxe5 {[%clk 1:31:21]} Rxe5
{[%clk 1:29:40]} 13. Qd2 {[%clk 1:30:49]} Re8 {[%clk 1:18:49]} 14. Bg5
{[%clk 1:22:18]} Qb6 {[%clk 0:59:10]} 15. Rfe1 {[%clk 1:16:17]} Bd7
{[%clk 0:57:23]} 16. g4 {[%clk 1:02:50]} Rxe1+ {[%clk 0:38:38]} 17. Rxe1
{[%clk 1:03:10]} Re8 {[%clk 0:37:29]} 18. Rb1 {[%clk 1:00:02]} Bc8
{[%clk 0:32:49]} 19. Qf4 {[%clk 0:53:11]} Nd7 {[%clk 0:32:02]} 20. Ne4
{[%clk 0:53:23]} Be5 {[%clk 0:31:28]} 21. Qf3 {[%clk 0:51:22]} Kg7
{[%clk 0:27:55]} 22. Be3 {[%clk 0:49:05]} Qd8 {[%clk 0:20:06]} 23. Kg2
{[%clk 0:37:54]} h6 {[%clk 0:17:14]} 24. Re1 {[%clk 0:34:20]} Rf8
{[%clk 0:15:52]} 25. Re2 {[%clk 0:26:30]} f5 {[%clk 0:12:44]} 26. Nc3
{[%clk 0:24:39]} Nb6 {[%clk 0:10:55]} 27. gxf5 {[%clk 0:22:05]} Bxf5
{[%clk 0:11:16]} 28. Bxf5 {[%clk 0:22:16]} Rxf5 {[%clk 0:11:44]} 29. Qe4
{[%clk 0:22:22]} Nd7 {[%clk 0:02:39]} 30. Bd2 {[%clk 0:18:04]} a6
{[%clk 0:01:29]} 31. Qe3 {[%clk 0:13:45]} Qh4 {[%clk 0:00:48]} 32. Ne4
{[%clk 0:12:51]} Nf6 {[%clk 0:00:38]} 33. Ng3 {[%clk 0:12:37]} Rf4
{[%clk 0:00:33]} 34. Qb3 {[%clk 0:12:20]} b5 {[%clk 0:00:33]} 35. Bxf4
{[%clk 0:11:43]} Qxf4 {[%clk 0:00:47]} 36. cxb5 {[%clk 0:11:50]} c4
{[%clk 0:00:43]} 37. Qa4 {[%clk 0:10:58]} Nxd5 {[%clk 0:00:34]} 38. bxa6
{[%clk 0:10:40]} c3 {[%clk 0:00:36]} 39. Qd7+ {[%clk 0:10:54]} Kf6
{[%clk 0:00:32]} 40. Ne4+ {[%clk 0:11:06]} Qxe4+ {[%clk 0:00:45]} 41. Rxe4
{[%clk 0:11:35]} cxb2 {[%clk 0:01:04]} 42. Qd8+ {[%clk 0:11:54]} Kf5
{[%clk 0:01:12]} 43. Rxe5+ {[%clk 0:12:19]} dxe5 {[%clk 0:00:59]} 44. Qc8+
{[%clk 0:12:29]} Kf4 {[%clk 0:01:07]} 45. Qg4# {[%clk 0:12:53]} 1-0

[Event "PMPJ 2022 - C13"]
[Site "Jastrzebia Gora"]
[Date "2022.11.12"]
[Round "7.2"]
[White "Zielonka, Adam"]
[Black "Przybylski, Jan"]
[Result "1-0"]
[BlackElo "1638"]
[WhiteElo "2058"]
[LiveChessVersion "1.4.4"]

1. e4 {[%clk 1:31:00]} e5 {[%clk 1:30:53]} 2. Nf3 {[%clk 1:31:24]} Nc6
{[%clk 1:31:18]} 3. Bb5 {[%clk 1:31:33]} a6 {[%clk 1:31:41]} 4. Ba4
{[%clk 1:32:00]} Nf6 {[%clk 1:32:06]} 5. O-O {[%clk 1:32:03]} b5 {[%clk 1:32:18]}
6. Bb3 {[%clk 1:32:31]} Be7 {[%clk 1:32:42]} 7. Re1 {[%clk 1:32:54]} d6
{[%clk 1:32:31]} 8. c3 {[%clk 1:32:49]} O-O {[%clk 1:32:29]} 9. h3
{[%clk 1:33:16]} Na5 {[%clk 1:31:42]} 10. Bc2 {[%clk 1:33:27]} c5
{[%clk 1:31:06]} 11. d4 {[%clk 1:33:56]} Qc7 {[%clk 1:30:48]} 12. d5
{[%clk 1:34:21]} Bd7 {[%clk 1:28:30]} 13. b3 {[%clk 1:34:47]} c4 {[%clk 1:24:08]}
14. b4 {[%clk 1:35:11]} Nb7 {[%clk 1:24:33]} 15. a4 {[%clk 1:35:39]} bxa4
{[%clk 1:16:39]} 16. Bxa4 {[%clk 1:36:07]} Bxa4 {[%clk 1:16:22]} 17. Rxa4
{[%clk 1:35:11]} Nd7 {[%clk 1:09:44]} 18. Be3 {[%clk 1:32:34]} f5
{[%clk 1:07:42]} 19. exf5 {[%clk 1:31:56]} Rxf5 {[%clk 1:06:40]} 20. Qc2
{[%clk 1:32:05]} Rff8 {[%clk 1:05:55]} 21. Nbd2 {[%clk 1:29:32]} a5
{[%clk 0:49:48]} 22. Qa2 {[%clk 1:23:11]} Rfc8 {[%clk 0:49:22]} 23. Ra1
{[%clk 1:22:24]} Bd8 {[%clk 0:46:28]} 24. b5 {[%clk 1:16:53]} Nb6
{[%clk 0:42:50]} 25. Bxb6 {[%clk 1:16:16]} Qxb6 {[%clk 0:42:51]} 26. Nxc4
{[%clk 1:15:47]} Qxb5 {[%clk 0:42:06]} 27. Rb1 {[%clk 1:13:40]} Qa6
{[%clk 0:39:06]} 28. Rxb7 {[%clk 1:13:39]} Rxc4 {[%clk 0:38:53]} 29. Rxg7+
{[%clk 1:13:29]} Kxg7 {[%clk 0:39:22]} 30. Rxc4 {[%clk 1:13:58]} Qb7
{[%clk 0:36:35]} 31. Rg4+ {[%clk 1:13:13]} Kh8 {[%clk 0:36:47]} 32. Qd2
{[%clk 1:05:47]} Qf7 {[%clk 0:34:24]} 33. Qh6 {[%clk 1:04:40]} Be7
{[%clk 0:33:50]} 34. Ng5 {[%clk 1:00:23]} Bxg5 {[%clk 0:33:13]} 35. Rxg5
{[%clk 1:00:42]} Rd8 {[%clk 0:30:07]} 36. Rg4 {[%clk 0:58:26]} Qf8
{[%clk 0:23:17]} 37. Qxf8+ {[%clk 0:56:50]} Rxf8 {[%clk 0:23:44]} 38. Ra4
{[%clk 0:57:15]} Ra8 {[%clk 0:23:43]} 39. Kf1 {[%clk 0:57:20]} Kg7
{[%clk 0:23:52]} 40. Ke2 {[%clk 0:57:45]} Kf6 {[%clk 0:24:11]} 41. h4
{[%clk 0:56:59]} h5 {[%clk 0:23:36]} 42. f3 {[%clk 0:57:21]} Kg6 {[%clk 0:20:32]}
43. g4 {[%clk 0:57:14]} Ra7 {[%clk 0:18:50]} 44. Ke3 {[%clk 0:56:38]} hxg4
{[%clk 0:14:40]} 45. fxg4 {[%clk 0:57:04]} Ra8 {[%clk 0:14:57]} 46. c4
{[%clk 0:55:43]} Kf6 {[%clk 0:12:21]} 47. c5 {[%clk 0:54:12]} dxc5
{[%clk 0:12:43]} 48. Ke4 {[%clk 0:54:38]} 1-0

[Event "PMPJ 2022 - C13"]
[Site "Jastrzebia Gora"]
[Date "2022.11.12"]
[Round "7.3"]
[White "Terkiewicz, Bruno"]
[Black "Rajlich, Vaclav"]
[Result "1-0"]
[BlackElo "1488"]
[WhiteElo "1839"]
[LiveChessVersion "1.4.4"]

1. d4 {[%clk 1:30:58]} Nf6 {[%clk 1:30:58]} 2. c4 {[%clk 1:31:24]} g6
{[%clk 1:31:26]} 3. Nf3 {[%clk 1:31:49]} Bg7 {[%clk 1:31:53]} 4. g3
{[%clk 1:32:15]} O-O {[%clk 1:32:12]} 5. Bg2 {[%clk 1:32:43]} d6 {[%clk 1:32:38]}
6. O-O {[%clk 1:33:08]} Nbd7 {[%clk 1:31:54]} 7. Qc2 {[%clk 1:33:29]} e5
{[%clk 1:30:36]} 8. Rd1 {[%clk 1:33:55]} Qe8 {[%clk 1:28:48]} 9. Nc3
{[%clk 1:33:46]} a6 {[%clk 1:27:55]} 10. e4 {[%clk 1:32:35]} Nb6 {[%clk 1:24:55]}
11. dxe5 {[%clk 1:25:23]} dxe5 {[%clk 1:25:03]} 12. c5 {[%clk 1:25:31]} Nbd7
{[%clk 1:25:10]} 13. Nd5 {[%clk 1:25:46]} Nxd5 {[%clk 1:24:55]} 14. exd5
{[%clk 1:25:21]} Nf6 {[%clk 1:19:13]} 15. Qb3 {[%clk 1:09:38]} b6
{[%clk 1:07:41]} 16. cxb6 {[%clk 1:01:42]} Rb8 {[%clk 1:07:25]} 17. Be3
{[%clk 1:00:56]} cxb6 {[%clk 1:07:24]} 18. Bc5 {[%clk 1:00:15]} e4
{[%clk 1:04:12]} 19. Bxf8 Bxf8 {[%clk 1:04:13]} 20. Re1 {[%clk 0:50:36]} Qd7
{[%clk 1:02:31]} 21. Nd2 {[%clk 0:48:50]} e3 {[%clk 0:59:43]} 22. Rxe3
{[%clk 0:48:17]} Bc5 {[%clk 0:59:41]} 23. Ne4 {[%clk 0:48:16]} Nxe4
{[%clk 0:59:41]} 24. Rxe4 {[%clk 0:48:30]} Bb7 {[%clk 0:59:18]} 25. Rae1
{[%clk 0:47:50]} Rf8 {[%clk 0:54:40]} 26. R4e2 {[%clk 0:47:05]} h5
{[%clk 0:51:59]} 27. Qf3 {[%clk 0:40:36]} a5 {[%clk 0:48:45]} 28. Qf6
{[%clk 0:38:38]} Ba6 {[%clk 0:46:55]} 29. Rc2 {[%clk 0:31:47]} Re8
{[%clk 0:44:05]} 30. Rec1 {[%clk 0:25:44]} Bb7 {[%clk 0:41:26]} 31. Rd1
{[%clk 0:23:10]} Qa4 {[%clk 0:39:32]} 32. b3 {[%clk 0:22:45]} Qg4
{[%clk 0:39:06]} 33. Qf3 {[%clk 0:22:02]} Qg5 {[%clk 0:38:40]} 34. Re2
{[%clk 0:20:46]} Rd8 {[%clk 0:38:05]} 35. h4 {[%clk 0:20:48]} Qh6
{[%clk 0:38:14]} 36. Qf6 {[%clk 0:20:56]} Qf8 {[%clk 0:37:43]} 37. d6
{[%clk 0:15:22]} Bxg2 {[%clk 0:37:58]} 38. d7 {[%clk 0:15:31]} Bc6
{[%clk 0:35:40]} 39. Qxc6 {[%clk 0:15:42]} Be7 {[%clk 0:35:53]} 40. Rde1
{[%clk 0:15:59]} 1-0

[Event "PMPJ 2022 - C13"]
[Site "Jastrzebia Gora"]
[Date "2022.11.12"]
[Round "7.4"]
[White "Jaszczuk, Piotr"]
[Black "Klim, Juliusz"]
[Result "0-1"]
[BlackElo "1485"]
[WhiteElo "1512"]
[LiveChessVersion "1.4.4"]

1. e4 {[%clk 1:30:58]} e5 {[%clk 1:30:59]} 2. Nf3 {[%clk 1:31:16]} Nc6
{[%clk 1:31:27]} 3. Bc4 {[%clk 1:31:29]} Bc5 {[%clk 1:31:55]} 4. c3
{[%clk 1:31:49]} Nf6 {[%clk 1:32:23]} 5. d3 {[%clk 1:32:11]} d6 {[%clk 1:32:51]}
6. Bb3 {[%clk 1:32:13]} a6 {[%clk 1:33:16]} 7. Nbd2 {[%clk 1:32:29]} Ba7
{[%clk 1:33:45]} 8. h3 {[%clk 1:31:53]} h6 {[%clk 1:34:09]} 9. Nf1
{[%clk 1:32:00]} Be6 {[%clk 1:34:38]} 10. Ng3 {[%clk 1:29:05]} Qd7
{[%clk 1:34:52]} 11. Bc2 {[%clk 1:26:35]} d5 {[%clk 1:32:52]} 12. Qe2
{[%clk 1:16:12]} O-O-O {[%clk 1:31:48]} 13. a4 {[%clk 1:10:51]} g5
{[%clk 1:23:33]} 14. Be3 {[%clk 1:06:01]} d4 {[%clk 1:15:02]} 15. Bd2
{[%clk 1:05:17]} g4 {[%clk 1:09:48]} 16. hxg4 {[%clk 1:04:21]} dxc3
{[%clk 1:09:56]} 17. Bxc3 {[%clk 0:59:58]} Bxg4 {[%clk 1:08:06]} 18. a5
{[%clk 0:48:51]} Nd4 {[%clk 0:52:22]} 19. Bxd4 {[%clk 0:38:29]} Bxd4
{[%clk 0:52:39]} 20. Ra2 {[%clk 0:33:33]} Bxf3 {[%clk 0:49:50]} 21. Qxf3
{[%clk 0:28:42]} Ng4 {[%clk 0:43:54]} 22. O-O {[%clk 0:26:48]} Rdg8
{[%clk 0:40:26]} 23. Bb3 {[%clk 0:18:58]} Rg6 {[%clk 0:34:33]} 24. Nf5
{[%clk 0:08:38]} Bc5 {[%clk 0:30:28]} 25. Bc4 {[%clk 0:06:43]} Rhg8
{[%clk 0:17:10]} 26. Nh4 {[%clk 0:05:26]} Rf6 {[%clk 0:13:49]} 27. Nf5
{[%clk 0:05:50]} h5 {[%clk 0:10:34]} 28. b3 {[%clk 0:02:26]} Nh6 {[%clk 0:10:15]}
29. Qxh5 {[%clk 0:01:42]} Nxf5 {[%clk 0:10:30]} 30. exf5 {[%clk 0:02:07]} Rxf5
{[%clk 0:10:56]} 31. Qh3 {[%clk 0:02:26]} Kb8 {[%clk 0:08:42]} 32. Re2
{[%clk 0:01:39]} Rxf2 {[%clk 0:08:07]} 0-1

[Event "PMPJ 2022 - C13"]
[Site "Jastrzebia Gora"]
[Date "2022.11.12"]
[Round "7.5"]
[White "Grobelny, Mikolaj"]
[Black "Prokopiuk, Jakub"]
[Result "1-0"]
[BlackElo "1651"]
[WhiteElo "1493"]
[LiveChessVersion "1.4.4"]

1. c4 e5 2. Nc3 Nc6 3. g3 g6 4. Bg2 Bg7 5. e4 d6 6. d3 Nge7 7. f4 exf4 8. Bxf4
O-O 9. Nf3 Bg4 10. O-O Qc8 11. Qd2 Bxf3 12. Bxf3 Nd4 13. Bg2 Qd7 14. Rae1 Rae8
15. Bh6 c5 16. Nd5 Nxd5 17. exd5 Qg4 18. Bxg7 Kxg7 19. Qf2 f5 20. h4 Ne2+ 21. Kh2
f4 22. gxf4 Rxf4 23. Bf3 Qxh4+ 24. Qxh4 Rxh4+ 25. Kg2 Nf4+ 26. Kg3 Rxe1 27. Rxe1
g5 28. Re7+ Kf6 29. Rxb7 Nxd3 30. b3 Nc1 31. Rxa7 h6 32. Ra8 Ke7 33. a4 Nxb3 34.
a5 Nxa5 35. Rxa5 Rxc4 36. Ra7+ Kf6 37. Rh7 Rh4 38. Rd7 Ke5 39. Re7+ Kd4 40. Re6
c4 41. Rxd6 c3 42. Rc6 Kd3 43. Bg4 h5 44. Bf5+ Kd4 45. d6 Ke5 46. d7 Rd4 47. Rc4
Rd2 48. Rc5+ Kf6 49. Rc8 c2 50. Rxc2 Rd4 51. Rc8 h4+ 52. Kh3 Kxf5 53. d8=Q Rxd8
54. Rxd8 Kf4 55. Rf8+ Ke4 56. Kg4 Kd5 1-0

[Event "PMPJ 2022 - C13"]
[Site "Jastrzebia Gora"]
[Date "2022.11.12"]
[Round "7.6"]
[White "Kowalski, Witold"]
[Black "Baranowski, Jan"]
[Result "1-0"]
[BlackElo "1212"]
[WhiteElo "1528"]
[LiveChessVersion "1.4.4"]

1. e4 {[%clk 1:30:56]} e5 {[%clk 1:30:56]} 2. Nf3 {[%clk 1:31:00]} Nf6
{[%clk 1:31:20]} 3. Nxe5 {[%clk 1:29:29]} d6 {[%clk 1:31:43]} 4. Nf3
{[%clk 1:29:35]} Nxe4 {[%clk 1:32:08]} 5. c3 {[%clk 1:29:19]} Nc6
{[%clk 1:18:02]} 6. d4 {[%clk 1:18:40]} d5 {[%clk 1:17:43]} 7. Be2
{[%clk 1:07:53]} Bd6 {[%clk 1:18:05]} 8. O-O {[%clk 1:03:30]} O-O
{[%clk 1:14:32]} 9. Re1 {[%clk 0:44:52]} Bf5 {[%clk 0:54:59]} 10. a3 Qd7
{[%clk 0:54:52]} 11. c4 {[%clk 0:40:32]} dxc4 {[%clk 0:51:05]} 12. Bxc4
{[%clk 0:35:32]} Rad8 {[%clk 0:48:10]} 13. b4 {[%clk 0:31:25]} 1-0

[Event "PMPJ 2022 - C13"]
[Site "Jastrzebia Gora"]
[Date "2022.11.12"]
[Round "7.7"]
[White "Gawlik, Olivier"]
[Black "Wojtacha, Krzysztof"]
[Result "0-1"]
[BlackElo "1506"]
[WhiteElo "1386"]
[LiveChessVersion "1.4.4"]

1. e4 {[%clk 1:30:57]} c5 {[%clk 1:30:56]} 2. Nf3 {[%clk 1:31:21]} e6
{[%clk 1:30:59]} 3. d4 {[%clk 1:31:45]} cxd4 {[%clk 1:31:25]} 4. Nxd4
{[%clk 1:32:10]} a6 {[%clk 1:31:48]} 5. Nc3 {[%clk 1:32:32]} Qc7 {[%clk 1:32:00]}
6. g3 {[%clk 1:32:58]} b5 {[%clk 1:30:30]} 7. Bg2 {[%clk 1:32:53]} Bb7
{[%clk 1:30:11]} 8. O-O {[%clk 1:32:56]} d6 {[%clk 1:28:58]} 9. Re1
{[%clk 1:14:30]} Be7 {[%clk 1:23:11]} 10. Be3 {[%clk 1:01:37]} Nf6
{[%clk 1:22:12]} 11. a3 {[%clk 1:00:37]} O-O 12. f4 {[%clk 0:47:40]} Nbd7
{[%clk 1:17:47]} 13. Qe2 {[%clk 0:37:31]} Rac8 {[%clk 1:11:18]} 14. Bf2
{[%clk 0:31:04]} Nb6 {[%clk 1:01:53]} 15. Nd1 {[%clk 0:21:56]} Rfd8
{[%clk 0:52:15]} 16. g4 {[%clk 0:19:26]} d5 {[%clk 0:49:30]} 17. e5
{[%clk 0:18:56]} Ne4 {[%clk 0:48:46]} 18. Bxe4 {[%clk 0:18:32]} dxe4
{[%clk 0:48:31]} 19. c3 {[%clk 0:18:15]} Bc5 {[%clk 0:43:40]} 20. h4
{[%clk 0:07:53]} Bxd4 {[%clk 0:39:16]} 21. Bxd4 {[%clk 0:07:45]} Nd5
{[%clk 0:35:38]} 22. Qf2 {[%clk 0:06:06]} Qc6 {[%clk 0:31:26]} 23. Ne3
{[%clk 0:05:58]} Nxe3 {[%clk 0:28:51]} 24. Qxe3 {[%clk 0:06:26]} Qc4
{[%clk 0:28:05]} 25. h5 {[%clk 0:03:19]} h6 {[%clk 0:23:35]} 26. Rad1
{[%clk 0:02:19]} Bd5 {[%clk 0:21:42]} 27. Rd2 {[%clk 0:02:00]} Kh7
{[%clk 0:21:05]} 28. g5 {[%clk 0:01:30]} Rh8 {[%clk 0:19:20]} 29. gxh6
{[%clk 0:00:55]} gxh6 {[%clk 0:19:29]} 30. Kh2 {[%clk 0:01:09]} Rhg8
{[%clk 0:18:58]} 31. Rg1 {[%clk 0:00:59]} Rxg1 {[%clk 0:19:15]} 32. Kxg1
{[%clk 0:01:12]} Rg8+ {[%clk 0:19:31]} 33. Rg2 {[%clk 0:01:23]} Rxg2+
{[%clk 0:18:38]} 34. Kxg2 {[%clk 0:01:52]} Qa2 {[%clk 0:18:13]} 35. Qe2
{[%clk 0:01:39]} Qb1 {[%clk 0:18:01]} 36. Be3 {[%clk 0:00:57]} Bc4
{[%clk 0:17:43]} 37. Qf2 {[%clk 0:01:19]} Qd1 {[%clk 0:17:39]} 38. Qg3
{[%clk 0:00:31]} Qxh5 {[%clk 0:16:32]} 39. Qf2 {[%clk 0:00:34]} Qd1
{[%clk 0:15:23]} 40. Kg3 {[%clk 0:00:32]} Qh1 {[%clk 0:14:37]} 41. Qg2
{[%clk 0:00:39]} Qe1+ {[%clk 0:14:30]} 42. Qf2 {[%clk 0:00:34]} Qd1
{[%clk 0:14:37]} 43. Kg2 {[%clk 0:00:33]} Be2 {[%clk 0:13:08]} 44. Kg3
{[%clk 0:00:32]} Bf3 {[%clk 0:11:26]} 45. Bd4 {[%clk 0:00:33]} h5
{[%clk 0:10:23]} 46. Qg1 {[%clk 0:00:33]} Qc2 {[%clk 0:08:56]} 47. Qf2
{[%clk 0:00:53]} Be2 {[%clk 0:09:06]} 48. f5 {[%clk 0:00:52]} Qd3+
{[%clk 0:06:50]} 49. Be3 {[%clk 0:00:39]} Bf3 {[%clk 0:06:59]} 50. f6
{[%clk 0:00:40]} Qb1 {[%clk 0:04:04]} 51. Kf4 {[%clk 0:00:45]} Qh1
{[%clk 0:02:39]} 52. Qg3 {[%clk 0:00:48]} Bg4 {[%clk 0:03:00]} 53. Qf2
{[%clk 0:00:38]} Bf5 {[%clk 0:01:42]} 54. Qg3 {[%clk 0:00:49]} Bg6
{[%clk 0:02:00]} 55. Qf2 {[%clk 0:00:32]} Qh3 {[%clk 0:01:58]} 56. Qg1
{[%clk 0:00:43]} Qh4+ {[%clk 0:00:58]} 0-1

[Event "PMPJ 2022 - C13"]
[Site "Jastrzebia Gora"]
[Date "2022.11.12"]
[Round "7.8"]
[White "Krogulski, Maksymilian"]
[Black "Wasiluk, Mateusz"]
[Result "1/2-1/2"]
[BlackElo "1477"]
[WhiteElo "1515"]
[LiveChessVersion "1.4.4"]

1. e4 {[%clk 1:31:00]} e6 {[%clk 1:30:54]} 2. d4 {[%clk 1:31:28]} d5
{[%clk 1:31:17]} 3. Nd2 {[%clk 1:31:52]} c5 {[%clk 1:31:41]} 4. exd5
{[%clk 1:31:58]} exd5 {[%clk 1:32:03]} 5. Ngf3 {[%clk 1:32:11]} Nf6
{[%clk 1:32:25]} 6. Bb5+ {[%clk 1:32:35]} Bd7 {[%clk 1:32:49]} 7. Bxd7+
{[%clk 1:32:56]} Nbxd7 {[%clk 1:33:06]} 8. O-O {[%clk 1:33:25]} Be7
{[%clk 1:33:25]} 9. dxc5 {[%clk 1:33:53]} Nxc5 {[%clk 1:33:46]} 10. Nb3
{[%clk 1:34:07]} Nce4 {[%clk 1:34:10]} 11. Nfd4 {[%clk 1:34:19]} Nd6
{[%clk 1:34:32]} 12. Bf4 {[%clk 1:34:08]} O-O {[%clk 1:33:47]} 13. Re1
{[%clk 1:34:16]} Re8 {[%clk 1:19:54]} 14. Bxd6 {[%clk 1:30:34]} Bxd6
{[%clk 1:20:12]} 15. Qd3 {[%clk 1:30:37]} Ne4 {[%clk 1:08:10]} 16. f3
{[%clk 1:30:35]} Bxh2+ {[%clk 0:35:15]} 17. Kxh2 {[%clk 1:29:13]} Qh4+
{[%clk 0:35:38]} 18. Kg1 {[%clk 1:29:07]} Qf2+ {[%clk 0:35:57]} 19. Kh2
{[%clk 1:29:00]} Qg3+ {[%clk 0:35:36]} 20. Kg1 {[%clk 1:29:30]} Qf2+
{[%clk 0:35:10]} 21. Kh2 {[%clk 1:29:47]} Qh4+ {[%clk 0:34:23]} 22. Kg1
{[%clk 1:30:12]} Qf2+ {[%clk 0:33:43]} 23. Kh2 {[%clk 1:30:22]} Qh4+
{[%clk 0:34:04]} 24. Kg1 {[%clk 1:30:42]} Qf2+ {[%clk 0:34:29]} 25. Kh2
{[%clk 1:31:06]} Qh4+ {[%clk 0:34:53]} 26. Kg1 {[%clk 1:31:33]} Qf2+ 1/2-1/2

[Event "PMPJ 2022 - C13"]
[Site "Jastrzebia Gora"]
[Date "2022.11.12"]
[Round "7.9"]
[White "Budzen, Wojciech"]
[Black "Rzap, Filip"]
[Result "0-1"]
[BlackElo "1386"]
[WhiteElo "1230"]
[LiveChessVersion "1.4.4"]

1. e4 c5 {[%clk 1:30:56]} 2. Nf3 {[%clk 1:31:23]} d6 {[%clk 1:30:53]} 3. d4
{[%clk 1:31:46]} cxd4 {[%clk 1:31:18]} 4. Nxd4 {[%clk 1:32:13]} Nf6
{[%clk 1:32:12]} 5. Nc3 {[%clk 1:32:39]} a6 {[%clk 1:32:39]} 6. Be3
{[%clk 1:33:03]} e5 {[%clk 1:33:04]} 7. Nb3 {[%clk 1:33:23]} Be6 {[%clk 1:33:30]}
8. f3 {[%clk 1:33:13]} Be7 {[%clk 1:33:52]} 9. Qd2 {[%clk 1:33:35]} O-O
{[%clk 1:33:46]} 10. g4 {[%clk 1:33:26]} b5 {[%clk 1:32:23]} 11. O-O-O
{[%clk 1:33:35]} Nbd7 {[%clk 1:30:32]} 12. h4 {[%clk 1:32:28]} b4
{[%clk 1:29:10]} 13. Na4 {[%clk 1:31:36]} a5 {[%clk 1:23:06]} 14. h5
{[%clk 1:25:18]} d5 {[%clk 1:16:15]} 15. g5 {[%clk 1:19:25]} d4 {[%clk 1:14:43]}
16. Bxd4 {[%clk 1:15:12]} exd4 {[%clk 0:56:51]} 17. gxf6 {[%clk 1:15:30]} Nxf6
{[%clk 0:53:21]} 18. Qxd4 {[%clk 1:12:25]} Qc7 {[%clk 0:46:21]} 19. Qf2 Qf4+ 20.
Kb1 {[%clk 0:57:03]} Nxe4 {[%clk 0:41:46]} 21. Qg2 {[%clk 0:51:16]} Rad8
{[%clk 0:35:16]} 22. Bd3 Ng5 23. Rhf1 Bh3 24. Qe2 Bxf1 25. Qxe7 Bxd3 26. cxd3
Qxf3 27. Rc1 Qxd3+ 28. Ka1 h6 29. Nac5 Qd6 30. Qe2 Ra8 31. Rd1 Qg3 32. Ne4 Nxe4
33. Qxe4 a4 34. Nc5 {[%clk 0:25:35]} a3 {[%clk 0:19:25]} 35. Nd3 {[%clk 0:23:33]}
axb2+ {[%clk 0:19:05]} 36. Nxb2 {[%clk 0:23:50]} Qa3 {[%clk 0:18:44]} 37. Qb1
{[%clk 0:23:45]} b3 {[%clk 0:18:55]} 38. Rd3 {[%clk 0:22:50]} Qxa2+
{[%clk 0:19:08]} 39. Qxa2 {[%clk 0:06:23]} bxa2 {[%clk 0:19:29]} 0-1

[Event "PMPJ 2022 - C13"]
[Site "Jastrzebia Gora"]
[Date "2022.11.12"]
[Round "7.10"]
[White "Rabenda, Piotr"]
[Black "Krasniewski, Grzegorz"]
[Result "1-0"]
[BlackElo "1129"]
[WhiteElo "1381"]
[LiveChessVersion "1.4.4"]

1. d4 Nf6 2. c4 g6 3. Nc3 Bg7 4. e4 d6 5. f3 O-O 6. Be3 Nbd7 7. Nge2 a6 8. Qd2 b5
9. cxb5 axb5 10. Nxb5 c6 11. Nbc3 e5 12. d5 c5 13. Nc1 Nb6 14. b3 Ba6 15. Bxa6
Rxa6 16. O-O Qc7 17. Qe2 Raa8 18. Kh1 Rfc8 19. Re1 c4 20. Bxb6 Qxb6 21. bxc4 Qd4
22. Qd3 Qxc4 23. Qxc4 Rxc4 24. N1e2 Bh6 25. Red1 Be3 26. a4 Rac8 27. Nb5 Ne8 28.
Rd3 Bh6 29. a5 Rc2 30. Rc3 R2xc3 31. Nexc3 Be3 32. a6 Bd4 33. a7 Ra8 34. Nxd4
exd4 35. Nb5 d3 36. Rd1 Rc8 37. h3 Kf8 38. Rxd3 Ke7 39. Ra3 Ra8 40. Kh2 Kd7 41.
Rc3 f6 42. Kg3 h6 43. Rc6 h5 44. Rb6 Kc8 45. Nxd6+ Nxd6 46. Rxd6 Rxa7
{[%clk 0:41:43]} 47. Rxf6 {[%clk 0:12:11]} 1-0